000 00686nam a2200241 a 4500
999 _c9562
_d9562
001 9562
003 BD-JhCC
005 20180319163540.0
008 180319s2002 bg |||| ||a| 000 0 b d
020 _a9847761310
035 _a(BD-JhCC)9562
040 _aBD-JhCC
_dBD-JhCC
041 _aben
082 _a923
_bSHO 2002
100 _aশফীউল্লাহ, এম
245 _aসেরা কজন মুসলিম বিজ্ঞানী /
_cএম শফীউল্লাহ
260 _aঢাকা :
_bঐতিহ্য ;
_c2002.
300 _a79 p. :
_c21 cm.
651 _aMuslim Scientists.
651 _aBiography.
942 _2ddc
_cBK